000 00395nam a22001457a 4500
003 OSt
005 20251021103550.0
008 251021b |||||||| |||| 00| 0 eng d
020 _a9780195735611
040 _cOXFORD UNIVERSITY PRESS
050 _aPL 8704 .W35 2012
245 _aWAJA LEO
_bDIWANI YA MASHARIKI
_cWALIBORA KEN
260 _aKENYA
_bOXFORD UNIVERSITY PRESS
_c2012
942 _2lcc
_cBK
_n0
999 _c9677
_d9677